1408 1396 1689 1468 1539 1893 1752 1124 1350 1009 1922 1003 1473 1282 1238 1751 1661 1853 1691 1772 1150 1184 1309 1716 1648 1239 1147 1330 1685 1086 1681 1569 1985 1693 1743 1906 1129 1796 1399 1098 1237 1616 1580 1004 1558 1188 1929 1581 1179 1588 1738 1815 1583 1306 1122 1027 1742 1745 1589 1587 1841 1386 1532 1682 1240 1633 1763 1846 1058 1326 1557 1541 1998 1621 1035 1734 1983 1645 1086 1226 1597 1304 1307 1704 1302 1547 1385 1158 1373 1970 1988 1284 1822 1485 1256 1234 1570 1212 1689 BCNSPRNW ULIB Ver.6.0+V

เปลี่ยนเป็นภาษาไทย

Change to English
 แสดงรายละเอียดบรรณานุกรม
  กลับหน้าหลัก

Brief Record : Get Marc (ISO 2709) : E-mail record : QR code < ปิดหน้าต่าง
LEADER : 00000nam 2200000uu 4500
001    13399122336
003     ULIB
008    130214s2549||||th 000 0 tha d
099    วจ.WT120^bอ857ค
100 0  อมาวสี อัมพันศิริรัตน์ และคณะ
245 00 ความต้องการระบบบริการสุขภาพของผุ้สุงอายุในเขตเทศบาลนครสงขลา^cโดยอมาวสี อัมพันศิริรัตน์ และคณะ
246 0  The Elderly health service system need in Songkhla Municiplity area
260    สงขลา:^bวิทยาลัยพยาบาลบรมราชชนนี สงขลา,^c2549
300    73 หน้า
650  0 ระบบบริการสุขภาพ^xวิจัย
650  0 ผู้สูงอาย^xวิจัย
710 1  วิทยาลัยพยาบาลบรมราชชนนี สงขลา
945    ^p0^l0^i033579
999    ^aเกษร โพธิ์สุวรรณ
รายการนี้ยังไม่มีแท็ก
คุณยังไม่ได้ล็อกอิน คุณสามารถมีกิจกรรมร่วมกับเว็บไซต์ได้ แต่ต้องล็อกอินก่อน ::
  ล็อกอิน

รายการสื่อสารสนเทศ

ลำดับที่ ประเภท เลขเรียก/บาร์โค้ด สถานที่ สถานะ
1. งานวิจัย
งานวิจัย
วจ.WT120 อ857ค  
  Barcode: 033579
ห้องสมุดวิทยาเขตสวรรค์ประชารักษ์
►วิจัย
บนชั้น

BibComment


ยังไม่เคยถูกคอมเมนท์

คอมเมนท์ทรัพยากรรายการนี้
  คอมเมนท์: ความต้องการระบบบร..


 Copyright 2026. Bcnsprnw @Library